Inseguridad y populismo penal = Insecurity and penal populism /

Guardado en:
Bibliografiske detaljer
Hovedforfatter: Mouzo, Karina
Format: Texto
Tags: Tilføj Tag
Ingen Tags, Vær først til at tagge denne postø!

MARC

LEADER 00000 a a2200000 04500
001 47879
003
040
100 |a Mouzo, Karina  
245 |a Inseguridad y populismo penal =   |b Insecurity and penal populism /  |c Karina Mouzo  
773 |g número11, (2012), páginas 43-51  
999 |c 24993  |d 24993